| 000 | 01730cam a22004094i 4500 | ||
|---|---|---|---|
| 003 | PE-LiUPU | ||
| 005 | 20250731184052.0 | ||
| 008 | 161005s r 000 0 spa d | ||
| 020 | _a9786033000606 | ||
| 035 | _a(Sirsi) a163969 | ||
| 040 |
_aPE-LiUPU _bspa _cPE-LiUPU _erda |
||
| 049 | _aPRUA | ||
| 082 | 0 | 4 |
_a868 _bC73 _220 |
| 100 | 1 |
_aCoelho, Paulo, _eautor. |
|
| 245 | 1 | 0 |
_aComo el río que fluye / _cPaulo Coelho. |
| 250 | _aPrimera edición. | ||
| 264 |
_aLima : _bPunto y Coma, _c2009. |
||
| 300 |
_a314 páginas ; _c21 centímetros. |
||
| 336 |
_atext _2rdacontent |
||
| 337 |
_aunmediated _2rdamedia |
||
| 338 |
_avolume _2rdacarrier |
||
| 490 | 0 |
_aBiblioteca Paulo Coelho ; _v13 |
|
| 505 | 0 | _aUn día en el molino -- El mal quiere que se haga el bien -- La historia del lápiz -- La música que llegaba de la capilla -- La oración que ovide -- Vivir su propia leyenda -- De la claridad amenazada -- La vuelta del mundo después de muerta -- Permanecer abiertos al amor -- Se aproxima la tormenta. | |
| 526 | _aP145 | ||
| 526 | _aP127 | ||
| 526 | _aP97 | ||
| 526 | _aP14 | ||
| 526 | _aP07 | ||
| 910 |
_ajck _bncf _cncf _d20161005 |
||
| 942 |
_2ddc _cBOOK |
||
| 949 |
_a868 C73 _wDEWEY _c1 _i74812 _lCATALOGING _mBUL _p13.50 _r0 _sY _tBOOK _u05/10/16 _xFACIEDH _PP20 _0DONACION _o.STAFF. Colección Ciencias Humanas y Educación |
||
| 994 |
_aC0 _bPEPRU |
||
| 264 | 1 | _a**REQUIRED FIELD** | |
| 596 | _a1 | ||
| 999 |
_a868 C73 _wDEWEY _c12825 _i74812 _f2021-11-9 _g2 _lCCODEBUL1 _mBUL _p13.50 _r0 _sY _tBOOK _u2016-10-5 _xEDUCACION _PP20 _0DONACION _o.STAFF. Colección Ciencias Humanas y Educación _d12825 |
||
| 980 |
_81 _gALBERTO SANCHEZ Responsable de Automatización |
||